MDQL
is popping MORE tags! Check the
thread
!
Quizzes
Events
Quiz Creation
Community
Videos
Private Events
Remove Ads
Sign In
Join for FREE
Feedback
Dark Mode
Quiz Categories
Sports
Geography
Music
Movies
Television
Just For Fun
Miscellaneous
History
Literature
Language
Science
Gaming
Entertainment
Religion
Holiday
For Kids
Quiz Lab
Recent
Popular Today
Quiz Kudos Today
Editor Picks
Curator Picks
Quizzes by...
Day
Popularity
Type
Ratings
Length
Year
Community
Subscriptions
Recent Discussions
Orange Saloon
Badges
Playlists
Quests
Create
Leaderboards
Showdown
Live 5
Trivia Bingo
Activity
Puzzle Library
Sporcle Events
Private Events
Virtual Trivia
Globe League
Become a Host
Pub Owners
SporcleCon
Opinionation
Our Games
Videos
Blog
Mobile Apps
Partnerships
Remove Ads and Go Orange
Feedback
Just For Fun
Clickable
Get the Picture
Humor
Quick Pick
Word Ladder
Missing Word
Mixed Word
Blitz
Minefield
This or That
Alphabet
Color
Typing
Sporcle
Puzzle
Word Play
Follow That Line
Logic
Just For Fun
Clickable
Get the Picture
Humor
Quick Pick
Word Ladder
Missing Word
Mixed Word
Blitz
Minefield
This or That
Alphabet
Color
Typing
Sporcle
Puzzle
Word Play
Follow That Line
Logic
Random Quiz
Search Sporcle
×
Quiz Lab
Quiz Lab
Just For Fun
Full House
Type in answers that appear in a list
Type in answers that appear in a list
Classic
Best Score? Go Orange.
Full House Ultimate Trivia Stats
Can you name the Full House Ultimate Trivia?
By
sydney1734
10m
15 Questions
488 Plays
488 Plays
488 Plays
Comments
Comments
Give Quiz Kudos
Give Quiz Kudos
-
- Ratings
hide this ad
More Info
Forced Order
Answers have to be entered in order
Answers have to be entered in order
Replay
Link that replays current quiz
Next Quiz
Link to next quiz in quiz playlist
You Got
0%
They Got
Avg Score
37%
Avg Friend Score
Upgrade to see
Score Distribution
Jump to the score distribution portion of the page
Score
0/15
Timer
10:00
0
Plays Today
Hints
Answers
% Correct
Who are Michelle's 2 best friends?
Teddy and Denise
80.7%
Who is the star dancer in the family?
Stephanie
76.2%
What is the Tanner's phone number?
555-2424
72.3%
Danny turned how old on the day Jesse drove his car into the Bay?
30
54.1%
What did Danny name his car?
Bullet
44.7%
Stephanie and Michelle accidentally fly to where?
New Zealand
40.6%
Which season do the Tanner's go to Hawaii?
Season 3
40.2%
In the 4th grade spelling bee, Stephanie messes up on what word?
Mnemonic
31.1%
Hints
Answers
% Correct
What is the name of the baby that got all of Jesse's attention?
Tony
27.9%
In Stephanie's short 'story' what does she name DJ and Steve?
PJ and Cleve
22.5%
During Danny's telethon,Stephanie dances to what song?
Love Shack Baby
21.5%
Who is Joey's annoying co-
host?
Jungle Jenny
16.2%
DJ has to write an editorial on what?
Class elections
14.8%
Who did Becky name Alex after?
Her favorite professor.
8.8%
How many colleges was Kimmy rejected by?
Every college in California.
7.6%
Quiz Playlist
Details
Report
Send in Message
Add To Playlist
More Info:
How well do you know your Full House trivia? Find out with my quiz!!!!
Classic:
Type in answers that appear in a list
Forced Order:
Answers have to be entered in order
Last Updated: Feb 16, 2017
Quiz Scoreboard
CHALLENGE
Sign Up to Join the Scoreboard
Show All
Scores
Hide
Comments
May contain spoilers
Recently Published
Street Fighter Characters
by Artimus82
Gaming
60s
9x9 Crossword: Cartoon Network
by jackfrog10
Miscellaneous
3m
College Basketball Coaching Resumes
by pancakes188
Sports
9m
More to Explore
Quiz From the Vault
Featured Blog Post
Where Did the Easter Bunny Come From?
hide this ad
You Might Also Like...
Tags
full
Full House
house
ultimate
Today's Top Quizzes in Just For Fun
Browse Just For Fun
hide this ad
Today's Top Quizzes in Full House
Browse Full House
Top Contributed Quizzes in Just For Fun
1
Name Just One - 10 to 1: Just For Fun
2
Killer Double Trees 224 - Colour Match-Up
3
Spring Typing Challenge
4
Crossword Whiteout! 49
5
Zeroing In: Just For Fun
6
Survivor Winners Logic Puzzle
7
Word Ladder: Wilderness Weapon
8
Word Ladder: Ahoy Matey
9
Kyle's 122nd Triple Trees
10
Harry Potter Logic - 'In Chains' II
Explore More
Trending Topics
Anime
Kpop
Marvel
Harry Potter
Crossword
NBA
Disney
WWE
Song
NFL
Country
Pokémon
Soccer
Puzzle
The Office
hide this ad
More By:
sydney1734
Quiz
Plays
Rating
Category
Featured
Created
SUPER HARD jessie trivia
791
2.00
Television
Jun 5, 2013
Rainbow Loom Bracelets Minefeild
722
2.50
Just For Fun
Jun 4, 2013
Top ten dance moms group dances
629
Entertainment
Jun 3, 2013
Full House Ultimate Trivia
488
1.00
Just For Fun
Jun 2, 2013
Go to Creator's Profile
Score Distribution
Quiz Creator Spotlight
sydney1734
Follow
Send a Message
Quizzes Created
-
Created Quiz Play Count
-
More By This Creator
Popular Quizzes Today
1
Find the US States - No Outlines Minefield
2
Find the Countries of Europe - No Outlines Minefield
3
The Countries of the World
4
Find the US States
5
Risky Map Clicking: Biggest States A-Z
6
US States
7
Popular People in 1961
8
Movies - When Are They Set?
More Just For Fun Quizzes
Missing Word: John Candy Movies
Published
Trending Quizzes
Risky Map Clicking: Least Populous States A-Z
1-10 Letter G Words
Risky Map Clicking: Next State Alphabetically
Adjectives in 80s TV Shows
The Seven Year Switch: Catherine
Recently Updated
Leaping Animals
pecheneg
Reality TV Shows (A-Z)
bhenderson79
Rickey Henderson's Hall of Fame Teammates
pecheneg
Champions League XIs: Arsenal
pecheneg
Quick Pick: Celebrities in WWE's Hall of Fame
aduchscher
A-Z Keypad Blitz II
pecheneg
Multiple Oscar Actors
pecheneg
Mystery Phrase Blitz: Oscar 'Best Actors'
pecheneg
F. Scott Fitzgerald Novels
LTH
Pick 3 Villains
ddd62291
Trending Topics
NBA
Kpop
Disney
Anime
Crossword
Marvel
Harry Potter
WWE
NFL
The Office
Song
Soccer
Pokémon
Puzzle
Country
Your Account Isn't Verified!
In order to create a playlist on Sporcle, you need to verify the email address you used during registration. Go to your
Sporcle Settings
to finish the process.
Report this User
Report this user for behavior that violates our
Community Guidelines
.
Details:
Send Report
Go to the Sporcle.com Mobile Site →
Comments